000 01040nam a2200253 a 4500
001 000006489
005 20260202095302.0
008 090831s2006 dr 000 0 spa d
040 _aDO-SdBNP
_bspa
_cBNPHU
082 _a261.56
_bM733h
100 1 _aMompremier, Jimmy M.,
_d1979-
_917976
245 1 0 _aHombre, computadora viviente :
_bprogramación, distorsión programática y reprogramación /
_cJimmy M. Mompremier, Sairy Marte ; prólogo José D. Batista.
260 _aSanto Domingo :
_bArgos,
_c2006.
300 _a110 p. ;
_c22 cm.
500 _aIncluye datos biografícos del autor.
500 _aUn libro de tecnología integral basada en la espiritualidad para el desrrollo interior del hombre hacia Dios
504 _aBibliografía : p. 109-110
650 0 _aVida cristiana
_9668
650 4 _aTecnología
_xAspectos religiosos, budismo, cristianos, etc.
_917977
650 0 _aEspiritualidad
_9613
650 4 _aCiencia y espiritualidad
_917978
700 1 _aMarte, Sairy
_917979
700 1 _aBatista, José D.,
_epról.
_917980
999 _c6280
_d6280